| 000 | 00545nam a22001817a 4500 | ||
|---|---|---|---|
| 005 | 20231121095532.0 | ||
| 008 | 231121b |||||||| |||| 00| 0 eng d | ||
| 020 | _a0198760973 | ||
| 041 | _aEnglish | ||
| 082 | _a342.8 SIE | ||
| 100 |
_aSieghart, P _lEnglish |
||
| 245 |
_aThe International Law of Human Rights / _cP Sieghart |
||
| 250 | _aFirst Edition | ||
| 260 |
_aNew York : _bOxford University Press, _c1983 |
||
| 300 |
_bxxiv, 569 pages ; _c24 cm. |
||
| 650 |
_aLegal practice _bLaw |
||
| 942 |
_cBK _6ALISON_BN_VRIES |
||
| 999 |
_c832 _d832 |
||